Quizzes
Events
Quiz Creation
Community
Videos
Private Events
Remove Ads
Sign In
Join for FREE
Feedback
Dark Mode
Quiz Categories
Sports
Geography
Music
Movies
Television
Just For Fun
Miscellaneous
History
Literature
Language
Science
Gaming
Entertainment
Religion
Holiday
For Kids
Quiz Lab
Recent
Popular Today
Quiz Kudos Today
Editor Picks
Curator Picks
Quizzes by...
Day
Popularity
Type
Ratings
Length
Year
Community
Subscriptions
Recent Discussions
Orange Saloon
Badges
Playlists
Quests
Create
Leaderboards
Showdown
Live 5
Trivia Bingo
Activity
Puzzle Library
Sporcle Events
Private Events
Virtual Trivia
Globe League
Become a Host
Pub Owners
SporcleCon
Opinionation
Our Games
Videos
Blog
Mobile Apps
Partnerships
Remove Ads and Go Orange
Feedback
Sports
Athletes
MLB
NBA
NHL
NFL
Soccer
Sports Teams
WWE
NCAA
Football
Premier League
Basketball
Baseball
Hockey
Golf
Tennis
Cricket
Rugby
Auto Racing
Olympics
World Cup
Sports
Athletes
MLB
NBA
NHL
NFL
Soccer
Sports Teams
WWE
NCAA
Football
Premier League
Basketball
Baseball
Hockey
Golf
Tennis
Cricket
Rugby
Auto Racing
Olympics
World Cup
Random Quiz
Search Sporcle
×
Quiz Lab
Quiz Lab
Sports
NBA
Type in answers that appear in a list
Type in answers that appear in a list
Classic
Best Score? Go Orange.
Current NBA player by All-Star game appearances Stats
Can you name the Current NBA player by All-Star game appearances?
By
mmsmms
10m
66 Questions
803 Plays
803 Plays
803 Plays
Comments
Comments
Give Quiz Kudos
Give Quiz Kudos
-
- Ratings
hide this ad
Replay
Link that replays current quiz
Next Quiz
Link to next quiz in quiz playlist
You Got
0%
They Got
Avg Score
75%
Avg Friend Score
Upgrade to see
Score Distribution
Jump to the score distribution portion of the page
Score
0/66
Timer
10:00
0
Plays Today
Number
Player
% Correct
14
Kobe Bryant
97.6%
8
LeBron James
97.3%
14
Kevin Garnett
94.1%
8
Dwyane Wade
94.1%
10
Paul Pierce
93.2%
10
Ray Allen
92.3%
13
Tim Duncan
92%
8
Steve Nash
91.5%
5
Carmelo Anthony
91%
11
Dirk Nowitzki
90.9%
7
Chris Bosh
90.3%
6
Dwight Howard
88.8%
1
Juwan Howard
88.8%
1
Josh Howard
88.7%
5
Chris Paul
88.5%
10
Jason Kidd
88.3%
4
Pau Gasol
87.5%
2
David West
87.5%
1
Marc Gasol
87.3%
3
Deron Williams
86.6%
1
Mo Williams
86.6%
6
Joe Johnson
85.8%
4
Tony Parker
85.6%
3
Kevin Durant
85.6%
3
Derrick Rose
84.8%
2
Russell Westbrook
84.8%
6
Jermaine O'Neal
84.7%
2
Blake Griffin
84.7%
6
Amar'e Stoudemire
84.4%
8
Vince Carter
83.9%
3
Rajon Rondo
83.8%
4
Ben Wallace
81.9%
1
Gerald Wallace
81.9%
Number
Player
% Correct
2
Manu Ginobili
81.4%
5
Chauncey Billups
80.1%
7
Tracy McGrady
76.7%
3
Richard Hamilton
76.5%
2
Kevin Love
76.1%
1
Danny Granger
74.1%
4
Shawn Marion
73.6%
1
Andrew Bynum
73.5%
3
Gilbert Arenas
73.3%
2
Carlos Boozer
72.9%
2
Al Horford
72.2%
2
Antawn Jamison
70.4%
1
Zach Randolph
67.6%
2
Baron Davis
67.5%
7
Grant Hill
67.1%
1
Andre Iguodala
67%
1
Luol Deng
65%
1
Jameer Nelson
63.5%
2
Elton Brand
61.9%
2
Caron Butler
61.9%
2
Brad Miller
61.9%
1
Kenyon Martin
61.8%
2
Rashard Lewis
59.7%
1
LaMarcus Aldridge
59.6%
1
David Lee
57.4%
1
Roy Hibbert
54%
1
Michael Redd
53.3%
1
Devin Harris
49.9%
2
Jerry Stackhouse
47.8%
1
Mehmet Okur
44.1%
1
Chris Kaman
38.9%
1
Ron Artest
33.5%
1
Jamaal Magloire
33.3%
Quiz Playlist
Details
Report
Send in Message
Add To Playlist
Classic:
Type in answers that appear in a list
Last Updated: Feb 16, 2017
Quiz Scoreboard
CHALLENGE
Sign Up to Join the Scoreboard
Show All
Scores
Hide
Comments
May contain spoilers
Recently Published
NBA Finals Game Top Scorers (2010s)
by flibbidy
Sports
5m
Guess the 'R' Things in 3 Words
by MSUKent
Miscellaneous
3m
Actor to Badly Drawn Movie III
by MoMosMoProblems
Movies
5m
More to Explore
Quiz From the Vault
Featured Blog Post
Where Does Lost Luggage Go?
hide this ad
You Might Also Like...
Tags
Basketball Quiz
NBA Quiz
All-Star
appearance
NBA Player
Player
Today's Top Quizzes in Sports
Browse Sports
hide this ad
Today's Top Quizzes in NBA
Browse NBA
Top Contributed Quizzes in Sports
1
Les joueurs à 100 buts en Ligue 1 Uber Eats
2
2022 World Cup Stars
3
Millionaire: NBA Finals Edition
4
2024 March Madness Bracket
5
Players with Multiple 50 Home Run Seasons
6
Criteria MLB: Left Handed Sluggers
7
Nickname Match: Athletes VI
8
Iconic Moments in Football - Multiple Choice
9
NFL MVPs ordered
10
NBA Championships Per City
Explore More
Trending Topics
Anime
Kpop
NBA
Marvel
Crossword
Harry Potter
Disney
Pokémon
Puzzle
NFL
Song
WWE
Country
The Office
Soccer
hide this ad
More By:
mmsmms
Quiz
Plays
Rating
Category
Featured
Created
Stanley Cup Champions
1,593
1.79
Sports
Apr 11, 2012
Current NBA player by All-Star game appearances
803
3.33
Sports
Apr 11, 2012
top 10 largest and smallest countries by population
217
1.24
Geography
Apr 16, 2012
Sports Teams By City/State
172
2.60
Sports
Apr 12, 2012
Food By Letter
95
1.00
Just For Fun
Apr 11, 2012
Go to Creator's Profile
Score Distribution
Quiz Creator Spotlight
mmsmms
Follow
Send a Message
Quizzes Created
-
Created Quiz Play Count
-
More By This Creator
Popular Quizzes Today
1
Find the US States - No Outlines Minefield
2
Find the US States
3
The Countries of the World
4
10 Largest US States in Order
5
Find the Countries of Europe - No Outlines Minefield
6
US States
7
Guess the 'R' Things in 3 Words
8
NBA Finals Game Top Scorers (2010s)
More Sports Quizzes
NFL QB Playoff Wins (2010s)
Published
Trending Quizzes
First Name TV: Leading Men
Match the Book to the Film II
First Name TV: Leading Women Drama
Match the Book to the Film VI
Pick A Pair: Religious TV
Recently Updated
Women's Final Four Teams by Year
bhenderson79
Presidents Quartet II
eogle
Anything But Clue(do)
eogle
Anything But Oceanian Capitals
eogle
Anything But 7
eogle
Anything But Thing
eogle
Word Ladder: February 29
pecheneg
Song Title Questions
pecheneg
Women's NCAA Tournament #1 Seeds
pecheneg
Celebrity Mug Shots
pecheneg
Trending Topics
Marvel
Harry Potter
Anime
Crossword
Kpop
NBA
Disney
Soccer
The Office
Pokémon
NFL
Country
Puzzle
Song
WWE
Your Account Isn't Verified!
In order to create a playlist on Sporcle, you need to verify the email address you used during registration. Go to your
Sporcle Settings
to finish the process.
Report this User
Report this user for behavior that violates our
Community Guidelines
.
Details:
Send Report
Go to the Sporcle.com Mobile Site →
Comments